Normal view
MARC view
- Frasca, Mattia
Entry Personal Name
001 - CONTROL NUMBER
- control field: 84578
003 - CONTROL NUMBER IDENTIFIER
- control field: NUST
005 - DATE AND TIME OF LATEST TRANSACTION
- control field: 20211119113159.0
008 - FIXED-LENGTH DATA ELEMENTS
- fixed length control field: 211119|| aca||aabn | a|a d
040 ## - CATALOGING SOURCE
- Original cataloging agency: NUST
- Transcribing agency: NUST
100 ## - HEADING--PERSONAL NAME
- Personal name: Frasca, Mattia
670 ## - SOURCE DATA FOUND
- Source citation: Work cat.: (NUST)33304: Fortuna, L. (Luigi), 1953- 84571, Optimal and robust control :, c2012.
